00526nam a2200181 i 4500001001100000003000500011005001700016008004100033040002500074082001400099100003800113245003300151264006700184300002400251336002100275337002500296338002300321C2-0007081PPAK20190630221847.0970125s1986 my |||| ||||| | may d aPPAKbengcPPAKerda04a297.82230 aAbd. Halim El-Muhammady, eauthor10aPerbezaan aliran mazhab fiqh 1aKuala Lumpur : bAngkatan Belia Islam Malaysia (ABIM) , c1986 a111 pages ; c21 cm 2rdacontentatext 2rdamediaaunmediated 2rdacarrieravolume